书目信息 |
| 题名: |
管乐器的演奏与训练
|
|
| 作者: | ||
| 分册: | ||
| 出版信息: | 北京 人民音乐出版社 2001 |
|
| 页数: | 108页 | |
| 开本: | 30cm | |
| 丛书名: | ||
| 单 册: | ||
| 中图分类: | J621.06 | |
| 科图分类: | ||
| 主题词: | CT--S027596--管乐器 , 管乐器--吹奏法--教材 | |
| 电子资源: | ||
| ISBN: | 7-103-02203-8 | |
| 000 | 00891nam0 2200241 45 | |
| 001 | 012001059914 | |
| 005 | 20070807170906.01 | |
| 010 | @a7-103-02203-8@dCNY150.00(全套) | |
| 100 | @a20010801d2001 em y0chiy0110 ea | |
| 101 | 0 | @achi |
| 102 | @aCN@b110000 | |
| 105 | @ag z 000yy | |
| 200 | 1 | @a管乐器的演奏与训练@9guan yue qi de yan zou yu xun lian@e从基本发音到音乐表现 |
| 210 | @a北京@c人民音乐出版社@d2001 | |
| 215 | @a108页@d30cm@e附件17册 | |
| 300 | @a管乐团指导教材 | |
| 305 | @a日本雅马哈株式会社授权出版 | |
| 307 | @a附件17册包括:大管、中音萨克斯管、B调单簧管、长笛/短笛、E调单簧管、双簧管、上低音萨克斯管、打击乐器、低音单簧管、中音单簧管、圆号、低音提琴、次中音号、次中音萨克斯管、小号/短号、长号、低音长号、大号 | |
| 606 | 0 | @2CT@3S027596@a管乐器 |
| 606 | 0 | @a管乐器@x吹奏法@j教材 |
| 690 | @aJ621.06@v4 | |
| 801 | 0 | @aCN@bNLC@c20070807 |
| 905 | @a10447@dJ621.06@e217 | |
| 管乐器的演奏与训练:从基本发音到音乐表现.-北京:人民音乐出版社,2001 |
| 108页;30cm+附件17册 |
| 管乐团指导教材 |
| ISBN 7-103-02203-8:CNY150.00(全套) |
| ● |
| 相关链接 |
|
|
|
|
正题名:管乐器的演奏与训练
索取号:J621.06/217
 
预约/预借
| 序号 | 登录号 | 条形码 | 馆藏地/架位号 | 状态 | 备注 |
| 1 | 0806280 | 208062807 | 第一样本阅览室/ [索取号:J621.06/217] | 在馆 | |
| 2 | 0806281 | 208062816 | 第一借阅区/ [索取号:J621.06/217] | 在馆 | |
| 3 | 0806282 | 208062825 | 第一借阅区/ [索取号:J621.06/217] | 在馆 | |
| 4 | 0806283 | 208062834 | 第一借阅区/ [索取号:J621.06/217] | 在馆 | |
| 5 | 0806284 | 208062843 | 音乐系资料室/ [索取号:J621.06/217] | 在馆 |